| 000 | 00529nam a22001937a 4500 | ||
|---|---|---|---|
| 005 | 20220426111143.0 | ||
| 008 | 220426b ||||| |||| 00| 0 eng d | ||
| 040 | _cAL | ||
| 041 | _aEnglish | ||
| 082 |
_223 _a820.33 _bBHIC |
||
| 100 |
_aKishore Bhimani _931875 |
||
| 245 | _aCocktail Insurgency | ||
| 260 |
_aCalcutta _bA Writers Workshop Publication _c1989 |
||
| 300 |
_a126 p. _bHB _c21.5x14 cm. |
||
| 365 |
_b₹50.00 _c₹ _d₹50.00 |
||
| 650 |
_aFiction _931876 |
||
| 700 |
_aBHIMANI (Kishore) _931877 |
||
| 942 |
_2ddc _cGF |
||
| 999 |
_c222628 _d222628 |
||